| 000 | 00365nam a22001457a 4500 | ||
|---|---|---|---|
| 020 | _a9780199487110 | ||
| 040 | _cnust | ||
| 082 |
_a297 _bISL |
||
| 100 |
_aAta, .W. Abe _9122832 |
||
| 110 |
_aAli. A Jan _9122833 |
||
| 245 | _aIslam In The West | ||
| 260 |
_aNew Delhi: _bOxford University Press, _c2018. |
||
| 650 |
_aIslam In The West _9122834 |
||
| 942 |
_2ddc _cBK |
||
| 999 |
_c609250 _d609250 |
||